Prueba de Bangladés - Estadísticas

Estadísticas generales
  • Esta prueba ha sido intentada 924 veces
  • La puntuación promedio es 9 de 16
Estadísticas de respuestas
Pista Respuesta % Correcto
Países que limitan con Bangladés India
96%
País europeo que colonizó Bangladés hasta 1947 Reino Unido
95%
Capital Daca
90%
Países que limitan con Bangladés Myanmar
90%
La religión más común Islam
88%
Animal nacional de Bangladés Tigre de Bengala
78%
País del que Bangladés obtuvo su independencia en 1971 Pakistán
76%
El deporte más popular Críquet
61%
Gran parte de Bangladés se encuentra en este delta fluvial Ganges
59%
El único país con una población superior a los 5 millones de habitantes que está más densamente poblado Singapur
52%
Los Sundarbans se componen de este tipo de bosque costero Manglar
29%
La segunda ciudad más poblada Chittagong
28%
Tipo de desastre que mató al menos 50.000 personas en 1582, 1699, 1822, 1847, 1876, 1970 y 1991 Ciclón
22%
Cox's Bazar es el hogar de la ___ más larga del mundo Playa
20%
Moneda de Bangladés Taka
16%
Fruta nacional de Bangladés que puede pesar hasta 36 kg Árbol de {Jaca}
11%
No se encontraron pruebas coincidentes
Distribución de puntuación
Porcentaje de gente con cada puntuación
Porcentaje por número respondido
Historial de tus puntuaciones
No has intentado esta prueba.